Liedtext - Schönste Zeit - Bosse - Statistiken

Allgemein
  • Dieses Quiz wurde 276 mal gespielt
  • Das Durchschnittsergebnis liegt bei 253 aus 333
Antwortstatistiken
Textquiz % Korrekt
da
100%
Da
100%
die
99%
Die
99%
schönste
99%
Zeit
99%
Das
98%
'n
98%
war
98%
und
96%
Und
96%
du
93%
Du
93%
ein
93%
Ein
93%
Wie
92%
wie
92%
alles
91%
als
89%
Als
89%
mein
89%
dein
88%
Dein
88%
in
88%
begann
86%
Berlin
85%
New
85%
An
84%
meinen
84%
York
84%
der
83%
Der
83%
wir
83%
Wir
83%
deine
82%
dort
82%
Es
82%
lagst
82%
Lagst
82%
Ort
82%
Weil
82%
Armen
81%
dem
81%
Tag
81%
wo
81%
Kurt
80%
starb
80%
entfernter
79%
waren
79%
Cobain
78%
ich
77%
Ich
77%
uns
77%
meilenweit
76%
Tränen
75%
Im
74%
im
74%
erste
73%
Kajal
71%
Kuss
71%
Bett
70%
nicht
69%
den
68%
dann
67%
Ist
65%
Regen
65%
Nacht
64%
mich
63%
Also
62%
Erdbeerbowle
62%
Spucke
62%
dich
61%
gingen
61%
nur
60%
Refrain
59%
unseren
59%
erstes
58%
Polaroid
58%
warst
58%
wussten
58%
hey
57%
Hey
57%
to
57%
auf
56%
Bier
56%
gab
56%
mir
56%
wohin
56%
my
55%
Was
55%
better
54%
It's
54%
teilten
54%
1994
53%
away
53%
Tattoo
53%
zusammen
53%
draußen
52%
Mond
51%
Frust
50%
Lied
50%
Mofa
50%
Walkman
50%
dir
49%
Gitarre
49%
spielte
49%
burn
48%
fade
48%
Kein
48%
kein
48%
verschwommen
48%
auch
47%
doch
47%
heimlich
47%
können
47%
leicht
47%
out
47%
warum
45%
je
44%
Kann
44%
kauft
44%
später
44%
then
44%
von
44%
sich
43%
wiederholen
43%
Große
42%
Oh
42%
Papier
42%
wegzogst
42%
brach
41%
irgendwas
41%
Nachtbusfenster
41%
Hab'
40%
Heulte
40%
sollten
40%
unentwegt
39%
Felder
38%
Moment
38%
Nirvana-Shirt
37%
vielmehr
37%
Seen
36%
Augenblick
33%
letzte
33%
schönsten
33%
Young-
32%
geträumt
31%
Neil
29%
zurück
29%
whatever
23%
nevermind
21%
well
7%
Keine übereinstimmenden Quizze gefunden
Verteilung der Resultate
Anzahl Personen mit jedem Resultat
Perzentil nach korrekt beantworteten Fragen
Ihre Resultats-Entwicklung
Sie haben dieses Quiz noch nicht gespielt